| 000 | 01363nam a2200217Ia 4500 | ||
|---|---|---|---|
| 999 |
_c36540 _d36540 |
||
| 001 | 2459 | ||
| 003 | GE_BSU | ||
| 005 | 20190520202456.0 | ||
| 008 | 181216s1990||||ge |||||||||||||| ||geo|| | ||
| 040 | _cGE_BSU | ||
| 245 |
_cშედგენილი ს. ჯანაშიასა და ნ. ბერძენიშვილის რედ. გამოქვეყნ. სახელმძღვ. მიხედვით ; შემდგ.-რედ.: გიორგი მელიქიშვილი. _aსაქართველოს ისტორია : _bსაკითხავი წიგნი / |
||
| 250 | _aმე-2 გამოცემა. | ||
| 264 |
_aთბილისი : _bმეცნიერება, _c1990. |
||
| 300 |
_a382 გვ.; _b19 სმ. |
||
| 541 | _h12 ლ. | ||
| 653 | _aისტორია | ||
| 700 |
_aჯანაშია, სიმონ, _dისტორიკოსი, მეცნიერი, _eშემდგენელი _91446 |
||
| 700 |
_aბერძენიშვილი, ნიკოლოზ, _dისტორიკოსი, მეცნიერი, _eშემდგენელი _91447 |
||
| 700 |
_aმელიქიშვილი, გიორგი, _dისტორიკოსი, _eშემდგენელ-რედაქტორი _91448 |
||
| 942 |
_cBK _2udc |
||